Things With 'Eye' Quiz Stats

 Plays Quiz Updated Nov 7, 2018

     
Support Sporcle.
Go Orange.
Score 0/30 Timer 07:00
0 Plays Today
Clue Answer % Correct
American hip-hop group with members will.i.am, apl.de.ap, Taboo, and FergieBlack Eyed Peas
94.5%
Survivor song made famous by the film Rocky IIIEye of the Tiger
81.7%
A hired detective; also a satirical British magazinePrivate Eye
75.4%
In gambling, a roll of dice of one pip on each die; also a 1998 film starring Nicolas Cage Snake Eyes
72.3%
A very late/early flight; also a 2005 thriller starring Rachel McAdamsRed Eye
72%
A more common name for ConjunctivitisPinkeye
70.2%
The first Bond film to star Pierce BrosnanGoldenEye
62.8%
Jesus said that it would be easier for a camel to pass through this than for a rich man to enter the kingdom of Godthe eye of a needle
59.5%
Song by Van Morrison that reached #10 on the Billboard Hot 100Brown Eyed Girl
56.4%
Bravo makeover show that won an Emmy for Outstanding Reality Program in 2004Queer Eye for the Straight Guy
56.3%
Alternative band known for songs such as 'Semi-Charmed Life' and 'Jumper'Third Eye Blind
56.2%
1999 psychological drama starring Tom Cruise and Nicole KidmanEyes Wide Shut
50.5%
Gandhi said this leaves the whole world blindan eye for an eye
44.8%
In Harry Potter, one of the original members of the Order of the PhoenixAlastor 'Mad-Eye' Moody
42.6%
These cards may be wild in a game of pokerOne-eyed Jacks
38.3%
Clue Answer % Correct
The largest Ferris wheel in EuropeMerlin Entertainments London Eye
36.9%
Musician best known for his 1997 single 'Save Tonight'Eagle-Eye Cherry
36%
Common name for amblyopia; if you had to wear an eye-patch as a child, you know...Lazy Eye
34.7%
In Othello, Shakespeare referred to jealousy as this type of creatureGreen Eyed Monster
30.8%
A common name for several garden flowers; also the official cocktail of the Preakness StakesBlack Eyed Susan
27.2%
A symbol, often associated with Freemasonry, that appears on some US currencyEye of Providence
23.6%
Zora Neale Hurston's novel about an African American woman named Janie CrawfordTheir Eyes Were Watching God
21%
1999 romantic comedy starring Hugh Grant and James CaanMickey Blue Eyes
21%
Kim Carnes song that spent nine weeks on top the US Billboard Hot 100Bette Davis Eyes
17.9%
Familiar standard song that may be played on St. Patrick's DayWhen Irish Eyes are Smiling
17.8%
Toni Morrison novel selected for Oprah's Book Club in 2000The Bluest Eye
14.2%
An indie rock group featuring singer-songwriter Conor OberstBright Eyes
13.6%
In baseball, the area beyond the center field wall that allows the hitter to see the ballBatter's Eye
10.7%
Documentary series about the African-American Civil Rights Movement that originally aired on PBS in 1987Eyes on the Prize
5.5%
1996 single by the all-female alternative band Luscious JacksonNaked Eye
5.2%

From the Vault

Either/Or in 30: TV Actresses

by MSUKent

Even if you don't know one, you've still got a 50-50 shot.
Remove Ads.
Support Sporcle.
Get the best of Sporcle when you Go Orange. This ad-free experience offers more features, more stats, and more fun while also helping to support Sporcle. Thank you for becoming a member.

Show Comments

Extras

Top Quizzes Today


Score Distribution

Your Account Isn't Verified!

In order to create a playlist on Sporcle, you need to verify the email address you used during registration. Go to your Sporcle Settings to finish the process.

Report this User

Report this user for behavior that violates our Community Guidelines.

Details: